Historia de la teoría de la música : acústica /

Guardado en:
Detalles Bibliográficos
Autor principal: Andrés, Juan (autor)
Otros autores: Hernández Mateos, Alberto (edición) (edición)
Formato: Libro
Idioma:Español
Publicado: Madrid, España : Casimiro, 2017, c2017
Colección:(Música Casimiro)
Temas:
Etiquetas: Agrega una etiqueta
Sin etiquetas, Sé el primero en etiquetar este registro!

MARC

LEADER 00000nam^a2200000^a^4500
001 000399806
005 20250521000000.0
009 20260310121601.348
020 |a 978-84-16868-08-7 
037 |a Acervo ITESO - Biblioteca 
041 |a ESP 
082 |a 780. 1  |b AND 
100 |a Andrés, Juan  |e (autor) 
245 1 0 |a Historia de la teoría de la música :  |b acústica /  |c J. Andrés ; ed. e itrod. de A. Hernández Mateos. 
264 4 |a Madrid, España :  |b Casimiro,  |c 2017, c2017 
300 |a 93 p. 
336 |a texto  |b txt  |2 rdacontenido 
337 |a sin mediación  |b n  |2 rdamedio 
338 |a volumen  |b nc  |2 rdasoporte 
440 1 |a (Música Casimiro) 
521 |a FIL 2017 EEnlace Desarrollo Educativo 
649 |a XX 
650 |a Acústica -  |x Historia 
650 |a Musicología 
650 |a Música -  |x Teoría -  |x Historia 
650 |a Música -  |x Teoría -  |x Tema Principal 
700 |a Hernández Mateos, Alberto  |e (edición) 
910 |a Fondo General 
920 |a Impresos - Libros 
930 |a Colección General 
905 |a 101 
901 |a 0500295012  |b IT1  |c ACC  |i c158369  |u 20250521 
902 |a https://opac.biblio.iteso.mx/vufind/Record/000399806